Handbook of hydrothermal technology : (Record no. 10728)

MARC details
000 -LEADER
fixed length control field 01386cam a22003378i 4500
001 - CONTROL NUMBER
control field 11893017
003 - CONTROL NUMBER IDENTIFIER
control field EG-ScBUE
005 - DATE AND TIME OF LATEST TRANSACTION
control field 20251210093448.0
008 - FIXED-LENGTH DATA ELEMENTS--GENERAL INFORMATION
fixed length control field 000119t2001 njua f b 001 0 eng
020 ## - INTERNATIONAL STANDARD BOOK NUMBER
International Standard Book Number 081551445X
020 ## - INTERNATIONAL STANDARD BOOK NUMBER
International Standard Book Number 978081551444
040 ## - CATALOGING SOURCE
Original cataloging agency EG-ScBUE
Language of cataloging eng
Description conventions rda
Transcribing agency EG-ScBUE
Modifying agency EG-ScBUE
082 04 - DEWEY DECIMAL CLASSIFICATION NUMBER
Classification number 548.5
Edition number 22
Item number BYR
100 1# - MAIN ENTRY--PERSONAL NAME
Personal name Byrappa, K.,
Relator term author.
245 10 - TITLE STATEMENT
Title Handbook of hydrothermal technology :
Remainder of title a technology for crystal growth and materials processing /
Statement of responsibility, etc by K. Byrappa, University of Mysore, Manasagangotri, Mysore, India, and Masahiro Yoshimura, Tokyo Institute of Technology, Yokohama, Japan.
264 #1 - PUBLICATION, DISTRIBUTION, ETC. (IMPRINT)
Place of publication, distribution, etc Park Ridge, New Jersey :
Name of publisher, distributor, etc Noyes Publications,
Date of publication, distribution, etc [2001]
264 #4 - PUBLICATION, DISTRIBUTION, ETC. (IMPRINT)
Date of publication, distribution, etc c2001
300 ## - PHYSICAL DESCRIPTION
Extent xxiii, 870 pages :
Other physical details illustrations ;
Dimensions 24 cm.
336 ## - CONTENT TYPE
Source rdacontent
Content type term text
Content type code txt
337 ## - MEDIA TYPE
Media type term unmediated
Source rdamedia
Media type code n
338 ## - CARRIER TYPE
Carrier type term volume
Carrier type code nc
Source rdacarrier
490 0# - SERIES STATEMENT
Series statement Materials science and process technology series
504 ## - BIBLIOGRAPHY, ETC. NOTE
Bibliography, etc Includes bibliographical references and index.
650 #7 - SUBJECT ADDED ENTRY--TOPICAL TERM
Topical term or geographic name as entry element Crystallization.
Source of heading or term BUEsh
650 #7 - SUBJECT ADDED ENTRY--TOPICAL TERM
Topical term or geographic name as entry element Crystal growth.
Source of heading or term BUEsh
655 ## - INDEX TERM--GENRE/FORM
Form subdivision Reading book
700 1# - ADDED ENTRY--PERSONAL NAME
Personal name oshimura, Masahiro,
Dates associated with a name 1942-
Relator term author.
856 42 - ELECTRONIC LOCATION AND ACCESS
Materials specified Publisher description
Uniform Resource Identifier <a href="http://www.loc.gov/catdir/description/wap041/00021998.html">http://www.loc.gov/catdir/description/wap041/00021998.html</a>
856 41 - ELECTRONIC LOCATION AND ACCESS
Materials specified Table of contents
Uniform Resource Identifier <a href="http://www.loc.gov/catdir/toc/wap041/00021998.html">http://www.loc.gov/catdir/toc/wap041/00021998.html</a>
942 ## - ADDED ENTRY ELEMENTS (KOHA)
Source of classification or shelving scheme Dewey Decimal Classification
Koha item type Reference (NB)
Holdings
Withdrawn status Lost status Source of classification or shelving scheme Damaged status Not for loan Collection code Home library Current library Shelving location Date acquired Source of acquisition Cost, normal purchase price Serial Enumeration / chronology Total Checkouts Full call number Barcode Date last seen Price effective from Koha item type
    Dewey Decimal Classification     Alahram Central Library Central Library Ground Floor 05/02/2009   1058.80 6393   548.5 BYR 000014669 15/07/2025 05/02/2009 Reference (NB)